| 000 | 00000nas##2200000za#4500 |
|---|---|
| 001 | 9.512611 |
| 003 | CaOODSP |
| 005 | 20200331211212 |
| 007 | ta |
| 008 | 150406c2000||||xxc|| p #||||f| |0fre|d |
| 040 | |aCaOODSP|bfre |
| 043 | |an-cn--- |
| 086 | 1 |aC12-23F |
| 110 | 1 |aCanada.|bIndustrie Canada. |bDirection de l'analyse micro-économique. |
| 245 | 10|aL'observateur économique régional |
| 260 | |aOttawa - Ontario : |bIndustrie Canada. |
| 310 | |aTrimestriel |
| 563 | |aPolycopié |
| 775 | 08|tRegional economic observer |w(CaOODSP)9.514182 |
| 776 | 0#|tL'observateur économique régional.|w(CaOODSP)9.500800 |